Missing Word: Cole Porter Songs Quiz Stats

 Plays Quiz Updated Jul 7, 2018

Also try: Missing Word: Cher
Challenge
Share
Tweet
Embed
Score 0/20 Timer 03:00
0 Plays Today
Cole Porter Song Title Missing Word % Correct
____ and DayNight
96%
What Is This Thing ____ Love?Called
94.6%
I've Got You Under My ____Skin
93.7%
I Get a ____ Out of YouKick
92.7%
Ev'ry Time We Say ____Goodbye
88.9%
Just One of Those ____Things
84.6%
Anything ____Goes
84%
From This ____ OnMoment
80.2%
I Concentrate on ____You
76.9%
It Was Written in the ____Stars
65.3%
Cole Porter Song Title Missing Word % Correct
Easy to ____Love
63%
Don't ____ Me InFence
59.4%
Begin the ____Beguine
58.5%
Too Darn ____Hot
54.5%
In the ____ of the NightStill
50.9%
You're the ____Top
49.6%
You Do ____ to MeSomething
48.4%
Love for ____Sale
45.6%
Brush Up Your ____Shakespeare
29.3%
Miss ____ RegretsOtis
26.6%

Today's Daily Dose

You're not logged in!

Compare scores with friends on all Sporcle quizzes.
Join for Free
OR
Log In

You Might Also Like...

Show Comments

Extras

Top Quizzes Today


Score Distribution

Your Account Isn't Verified!

In order to create a playlist on Sporcle, you need to verify the email address you used during registration. Go to your Sporcle Settings to finish the process.

Report this User

Report this user for behavior that violates our Community Guidelines.

Details: